[Event "DVM U20 2021"]
[Site "Kiel GER"]
[Date "2022.07.25"]
[Round "6"]
[White "Kulkovets, Roman"]
[Black "Vuckovic, Robert"]
[Result "1-0"]
[Termination "normal"]
[Board "6.4"]
[WhiteElo "1374"]
[BlackElo "1845"]
[WhiteClock "01:18:10"]
[BlackClock "00:28:44"]
[WhiteTeam "Heilbronner SV"]
[BlackTeam "Schachfreunde Augsburg"]
[PlyCount "69"]
[WhiteFideId "34119272"]
[BlackFideId "12998680"]
[EventCountry "GER"]
[EventRounds "7"]
[EventType "team-swiss"]
[EventDate "2022.07.22"]

1. Nf3 {[%clk 01:30:37]} {[%emt 00:00:22]} e6 {[%clk 01:29:15]} {[%emt
00:01:45]} 2. c4 {[%clk 01:30:40]} {[%emt 00:00:26]} d5 {[%clk 01:28:15]}
{[%emt 00:01:31]} 3. d4 {[%clk 01:29:11]} {[%emt 00:01:59]} Nf6 {[%clk
01:28:28]} {[%emt 00:00:17]} 4. Nc3 {[%clk 01:29:09]} {[%emt 00:00:31]} Nbd7
{[%clk 01:28:17]} {[%emt 00:00:42]} 5. e3 {[%clk 01:27:35]} {[%emt 00:02:05]}
Be7 {[%clk 01:28:18]} {[%emt 00:00:28]} 6. b3 {[%clk 01:27:54]} {[%emt
00:00:10]} c6 {[%clk 01:22:51]} {[%emt 00:05:58]} 7. Bb2 {[%clk 01:27:58]}
{[%emt 00:00:24]} Ne4 {[%clk 01:21:44]} {[%emt 00:01:39]} 8. Nxe4 {[%emt
00:01:15]} dxe4 {[%clk 01:22:06]} {[%emt 00:00:06]} 9. Nd2 {[%clk 01:27:17]}
{[%emt 00:00:26]} f5 {[%clk 01:17:19]} {[%emt 00:05:19]} 10. f3 {[%clk
01:26:34]} {[%emt 00:01:14]} exf3 {[%clk 01:17:12]} {[%emt 00:00:36]} 11. Nxf3
{[%clk 01:26:48]} {[%emt 00:00:15]} Bb4+ {[%clk 01:16:58]} {[%emt 00:00:44]}
12. Kf2 {[%clk 01:24:05]} {[%emt 00:05:29]} Nf6 {[%clk 01:17:57]} {[%emt
00:01:05]} 13. Bd3 {[%clk 01:24:01]} {[%emt 00:00:34]} O-O {[%clk 01:17:13]}
{[%emt 00:01:13]} 14. Rf1 {[%clk 01:23:34]} {[%emt 00:00:57]} Ng4+ {[%clk
01:16:49]} {[%emt 00:00:55]} 15. Ke2 {[%clk 01:23:44]} {[%emt 00:00:19]} f4
{[%clk 01:12:59]} {[%emt 00:04:20]} 16. exf4 {[%clk 01:23:44]} {[%emt
00:00:30]} Rxf4 {[%clk 01:13:14]} {[%emt 00:00:15]} 17. h3 {[%clk 01:23:52]}
{[%emt 00:00:23]} Nh6 {[%clk 01:12:33]} {[%emt 00:01:10]} 18. Kf2 {[%clk
01:23:39]} {[%emt 00:00:44]} e5 {[%clk 01:06:36]} {[%emt 00:06:27]} 19. dxe5
{[%clk 01:21:32]} {[%emt 00:02:38]} Bf5 {[%clk 01:05:30]} {[%emt 00:01:35]} 20.
Kg3 {[%clk 01:15:53]} {[%emt 00:06:10]} Bxd3 {[%clk 00:47:39]} {[%emt
00:18:21]} 21. Kxf4 {[%clk 01:16:11]} {[%emt 00:00:11]} Qf8+ {[%clk 00:46:59]}
{[%emt 00:01:09]} 22. Kg3 {[%clk 01:16:28]} {[%emt 00:00:14]} Nf5+ {[%clk
00:46:37]} {[%emt 00:00:52]} 23. Kh2 {[%clk 01:16:51]} {[%emt 00:00:07]} Bxf1
{[%clk 00:44:25]} {[%emt 00:02:41]} 24. Qxf1 {[%clk 01:16:53]} {[%emt
00:00:29]} Ne3 {[%clk 00:39:08]} {[%emt 00:05:47]} 25. Qe2 {[%clk 01:17:11]}
{[%emt 00:00:12]} Qf4+ {[%clk 00:37:32]} {[%emt 00:02:05]} 26. g3 {[%clk
01:17:33]} {[%emt 00:00:09]} Qe4 {[%clk 00:37:55]} {[%emt 00:00:06]} 27. Ng5
{[%clk 01:17:57]} {[%emt 00:00:07]} Ng4+ {[%clk 00:37:56]} {[%emt 00:00:29]}
28. Qxg4 {[%clk 01:18:21]} {[%emt 00:00:06]} Qc2+ {[%clk 00:38:05]} {[%emt
00:00:20]} 29. Kh1 {[%clk 01:18:48]} {[%emt 00:00:04]} h6 {[%clk 00:29:18]}
{[%emt 00:09:17]} 30. Ne6 {[%clk 01:16:52]} {[%emt 00:02:26]} Bf8 {[%clk
00:28:57]} {[%emt 00:00:51]} 31. Ba3 {[%clk 01:16:48]} {[%emt 00:00:34]} Qc3
{[%clk 00:29:08]} {[%emt 00:00:18]} 32. Rc1 {[%clk 01:17:03]} {[%emt 00:00:16]}
Qxe5 {[%clk 00:29:30]} {[%emt 00:00:08]} 33. Bxf8 {[%clk 01:17:28]} {[%emt
00:00:05]} Re8 {[%clk 00:28:23]} {[%emt 00:01:37]} 34. Qxg7+ Qxg7 {[%clk
00:28:44]} 35. Bxg7 {[%clk 01:18:10]} {[%emt 00:00:05]} 1-0

[Event "DVM U20 2021"]
[Site "Kiel GER"]
[Date "2022.07.25"]
[Round "6"]
[White "Rempel, Alexander"]
[Black "Hagenmeyer, Felix"]
[Result "0-1"]
[Termination "normal"]
[Board "6.5"]
[WhiteElo "1401"]
[BlackElo "1651"]
[WhiteClock "00:01:17"]
[BlackClock "00:50:45"]
[WhiteTeam "Schachfreunde Augsburg"]
[BlackTeam "Heilbronner SV"]
[PlyCount "70"]
[WhiteFideId "34618600"]
[BlackFideId "34612572"]
[EventCountry "GER"]
[EventRounds "7"]
[EventType "team-swiss"]
[EventDate "2022.07.22"]

1. e4 {[%clk 01:30:54]} {[%emt 00:00:05]} c5 {[%clk 01:30:53]} {[%emt
00:00:07]} 2. Nf3 {[%clk 01:31:19]} {[%emt 00:00:05]} Nc6 {[%clk 01:31:19]}
{[%emt 00:00:05]} 3. d4 {[%clk 01:31:44]} {[%emt 00:00:05]} cxd4 {[%emt
00:00:05]} 4. Nxd4 {[%clk 01:32:04]} {[%emt 00:00:09]} g6 {[%clk 01:32:11]}
{[%emt 00:00:03]} 5. Bc4 {[%clk 01:29:29]} {[%emt 00:03:06]} Bg7 {[%clk
01:32:22]} {[%emt 00:00:19]} 6. Nxc6 {[%clk 01:29:23]} {[%emt 00:00:35]} bxc6
{[%clk 01:32:29]} {[%emt 00:00:23]} 7. Qf3 {[%clk 01:27:07]} {[%emt 00:02:46]}
e6 {[%clk 01:31:34]} {[%emt 00:01:24]} 8. O-O {[%clk 01:19:40]} {[%emt
00:07:58]} Ne7 {[%clk 01:29:35]} {[%emt 00:02:30]} 9. Re1 {[%clk 01:11:07]}
{[%emt 00:09:03]} O-O {[%clk 01:25:51]} {[%emt 00:04:14]} 10. Nc3 {[%clk
01:10:02]} {[%emt 00:01:35]} Bb7 {[%clk 01:23:30]} {[%emt 00:02:51]} 11. Qg3
{[%clk 01:05:41]} {[%emt 00:04:51]} d5 {[%clk 01:20:25]} {[%emt 00:03:34]} 12.
exd5 {[%clk 00:56:35]} {[%emt 00:09:37]} cxd5 {[%clk 01:18:45]} {[%emt
00:02:10]} 13. Bf1 {[%clk 00:54:07]} {[%emt 00:02:57]} Qb6 {[%clk 01:16:55]}
{[%emt 00:02:20]} 14. Bf4 {[%clk 00:43:38]} {[%emt 00:11:00]} Nf5 {[%clk
01:15:44]} {[%emt 00:01:41]} 15. Qd3 {[%clk 00:41:17]} {[%emt 00:02:50]} Qxb2
{[%clk 01:14:48]} {[%emt 00:01:27]} 16. Bd2 {[%clk 00:36:13]} {[%emt 00:05:33]}
Ba6 {[%clk 01:11:53]} {[%emt 00:03:25]} 17. Qxa6 {[%clk 00:33:36]} {[%emt
00:03:07]} Bxc3 {[%clk 01:12:19]} {[%emt 00:00:05]} 18. Bxc3 {[%clk 00:22:58]}
{[%emt 00:11:07]} Qxc3 {[%clk 01:12:37]} {[%emt 00:00:11]} 19. Bd3 {[%clk
00:22:19]} {[%emt 00:01:09]} Nd4 {[%clk 01:11:30]} {[%emt 00:01:37]} 20. Rac1
{[%clk 00:21:38]} {[%emt 00:01:13]} Rfb8 {[%clk 01:09:02]} {[%emt 00:02:56]}
21. Re3 {[%clk 00:18:25]} {[%emt 00:03:44]} Rb6 {[%clk 01:07:32]} {[%emt
00:02:00]} 22. Qa4 {[%clk 00:18:16]} {[%emt 00:00:39]} Rb4 {[%clk 01:07:56]}
{[%emt 00:00:07]} 23. Qa6 {[%clk 00:17:11]} {[%emt 00:01:34]} Qc6 {[%clk
01:03:34]} {[%emt 00:04:51]} 24. Qa3 {[%clk 00:12:16]} {[%emt 00:05:26]} Ra4
{[%clk 01:01:05]} {[%emt 00:03:00]} 25. Qb2 {[%clk 00:12:31]} {[%emt 00:00:14]}
Qd6 {[%clk 00:56:13]} {[%emt 00:05:22]} 26. c3 {[%clk 00:10:20]} {[%emt
00:02:41]} Rb8 {[%clk 00:56:11]} {[%emt 00:00:32]} 27. Qd2 {[%clk 00:10:04]}
{[%emt 00:00:46]} Nc6 {[%clk 00:55:26]} {[%emt 00:01:15]} 28. Be2 {[%clk
00:08:57]} {[%emt 00:01:37]} Qa3 {[%clk 00:53:04]} {[%emt 00:02:51]} 29. Bb5
{[%clk 00:07:09]} {[%emt 00:02:18]} Rxb5 {[%clk 00:52:05]} {[%emt 00:01:29]}
30. c4 {[%clk 00:07:28]} {[%emt 00:00:12]} Qb4 {[%clk 00:52:29]} {[%emt
00:00:05]} 31. Qc2 {[%clk 00:06:13]} {[%emt 00:01:45]} Rc5 {[%clk 00:50:51]}
{[%emt 00:02:09]} 32. Rb3 {[%clk 00:01:52]} {[%emt 00:04:51]} Rxc4 {[%clk
00:50:36]} {[%emt 00:00:45]} 33. Qb2 {[%clk 00:01:04]} {[%emt 00:01:18]} Rxc1+
{[%clk 00:50:34]} {[%emt 00:00:33]} 34. Qxc1 {[%clk 00:01:28]} {[%emt
00:00:05]} Qd6 {[%clk 00:50:33]} {[%emt 00:00:31]} 35. Qb2 {[%clk 00:01:17]}
{[%emt 00:00:41]} Rb4 {[%clk 00:50:45]} {[%emt 00:00:18]} 0-1

[Event "DVM U20 2021"]
[Site "Kiel GER"]
[Date "2022.07.25"]
[Round "6"]
[White "Eurich, Jannik"]
[Black "Pralle, Finnegan"]
[Result "1/2-1/2"]
[Termination "normal"]
[Board "7.1"]
[WhiteElo "1957"]
[BlackElo "1912"]
[WhiteClock "00:29:25"]
[BlackClock "00:58:42"]
[WhiteTeam "SK Langen"]
[BlackTeam "Biebertaler Schachfreunde"]
[PlyCount "47"]
[WhiteFideId "16265459"]
[BlackFideId "12986615"]
[EventCountry "GER"]
[EventRounds "7"]
[EventType "team-swiss"]
[EventDate "2022.07.22"]

1. e4 {[%clk 01:30:57]} {[%emt 00:00:02]} e5 {[%clk 01:30:56]} {[%emt
00:00:04]} 2. Nf3 {[%clk 01:31:23]} {[%emt 00:00:04]} Nc6 {[%clk 01:31:23]}
{[%emt 00:00:03]} 3. Bb5 {[%clk 01:31:48]} {[%emt 00:00:05]} Bc5 {[%clk
01:31:48]} {[%emt 00:00:06]} 4. O-O {[%clk 01:31:31]} {[%emt 00:00:46]} Nd4
{[%clk 01:32:14]} {[%emt 00:00:05]} 5. Nxd4 {[%clk 01:31:14]} {[%emt 00:00:47]}
Bxd4 {[%clk 01:32:39]} {[%emt 00:00:05]} 6. c3 {[%clk 01:30:49]} {[%emt
00:00:53]} Bb6 {[%clk 01:33:06]} {[%emt 00:00:05]} 7. d3 {[%clk 01:22:09]}
{[%emt 00:09:10]} c6 {[%clk 01:33:27]} {[%emt 00:00:09]} 8. Ba4 {[%clk
01:22:24]} {[%emt 00:00:14]} d6 {[%clk 01:33:53]} {[%emt 00:00:05]} 9. Be3
{[%clk 01:20:06]} {[%emt 00:02:48]} Nf6 {[%clk 01:33:57]} {[%emt 00:00:26]} 10.
h3 {[%clk 01:19:43]} {[%emt 00:00:52]} Be6 {[%clk 01:31:49]} {[%emt 00:02:38]}
11. Qe2 {[%clk 01:14:59]} {[%emt 00:05:15]} O-O {[%clk 01:30:51]} {[%emt
00:01:27]} 12. Nd2 {[%clk 01:11:32]} {[%emt 00:03:57]} d5 {[%clk 01:29:59]}
{[%emt 00:01:22]} 13. exd5 {[%clk 01:05:32]} {[%emt 00:06:30]} Nxd5 {[%clk
01:29:42]} {[%emt 00:00:47]} 14. Bxb6 {[%clk 00:57:11]} {[%emt 00:08:51]} axb6
{[%clk 01:28:53]} {[%emt 00:01:20]} 15. Bc2 {[%clk 00:51:26]} {[%emt 00:06:14]}
Qf6 {[%clk 01:18:38]} {[%emt 00:10:46]} 16. Nc4 {[%clk 00:43:08]} {[%emt
00:08:47]} Rfe8 {[%clk 01:10:21]} {[%emt 00:08:48]} 17. Qxe5 {[%clk 00:39:47]}
{[%emt 00:03:50]} Qh6 {[%clk 01:02:43]} {[%emt 00:08:08]} 18. Nd6 {[%clk
00:33:29]} {[%emt 00:06:48]} Re7 {[%clk 01:01:00]} {[%emt 00:02:13]} 19. Nf5
{[%clk 00:32:28]} {[%emt 00:01:31]} Bxf5 {[%clk 01:01:07]} {[%emt 00:00:24]}
20. Qxf5 {[%clk 00:32:56]} {[%emt 00:00:02]} Rae8 {[%clk 01:00:54]} {[%emt
00:00:42]} 21. Bb3 {[%clk 00:31:44]} {[%emt 00:01:42]} Re5 {[%clk 00:58:14]}
{[%emt 00:03:11]} 22. Qd7 {[%clk 00:28:37]} {[%emt 00:03:37]} R8e7 {[%clk
00:58:17]} {[%emt 00:00:27]} 23. Qd8+ {[%clk 00:28:59]} {[%emt 00:00:08]} Re8
{[%clk 00:58:42]} {[%emt 00:00:04]} 24. Qd7 {[%clk 00:29:25]} {[%emt 00:00:04]}
1/2-1/2

[Event "DVM U20 2021"]
[Site "Kiel GER"]
[Date "2022.07.25"]
[Round "6"]
[White "Grunwald, Jonathan"]
[Black "Renk, Jonas"]
[Result "0-1"]
[Termination "normal"]
[Board "7.2"]
[WhiteElo "1801"]
[BlackElo "1897"]
[WhiteClock "00:04:02"]
[BlackClock "00:16:02"]
[WhiteTeam "Biebertaler Schachfreunde"]
[BlackTeam "SK Langen"]
[PlyCount "84"]
[WhiteFideId "12955744"]
[BlackFideId "16209460"]
[EventCountry "GER"]
[EventRounds "7"]
[EventType "team-swiss"]
[EventDate "2022.07.22"]

1. e4 {[%clk 01:30:58]} {[%emt 00:00:01]} c5 {[%clk 01:30:52]} {[%emt
00:00:08]} 2. Nc3 {[%clk 01:31:22]} {[%emt 00:00:07]} a6 {[%clk 01:31:10]}
{[%emt 00:00:12]} 3. Nf3 {[%clk 01:30:55]} {[%emt 00:00:57]} d6 {[%clk
01:31:25]} {[%emt 00:00:15]} 4. g3 {[%clk 01:30:41]} {[%emt 00:00:44]} g6
{[%clk 01:31:08]} {[%emt 00:00:47]} 5. Bg2 {[%clk 01:28:20]} {[%emt 00:02:51]}
Bg7 {[%clk 01:30:23]} {[%emt 00:01:15]} 6. d3 {[%clk 01:27:16]} {[%emt
00:01:34]} Nc6 {[%clk 01:29:12]} {[%emt 00:01:41]} 7. O-O {[%clk 01:25:21]}
{[%emt 00:02:25]} e6 {[%clk 01:28:13]} {[%emt 00:01:27]} 8. Ne1 {[%clk
01:11:14]} {[%emt 00:14:38]} Nge7 {[%clk 01:23:30]} {[%emt 00:05:14]} 9. f4
{[%clk 01:10:42]} {[%emt 00:01:01]} O-O {[%clk 01:21:38]} {[%emt 00:02:22]} 10.
Nf3 {[%clk 01:09:45]} {[%emt 00:01:27]} b5 {[%clk 01:18:18]} {[%emt 00:03:50]}
11. a4 {[%clk 00:59:36]} {[%emt 00:10:40]} b4 {[%clk 01:15:11]} {[%emt
00:03:36]} 12. Ne2 {[%clk 00:59:24]} {[%emt 00:00:42]} Bb7 {[%clk 01:11:59]}
{[%emt 00:03:43]} 13. c3 {[%clk 00:58:14]} {[%emt 00:01:40]} d5 {[%clk
01:05:11]} {[%emt 00:07:18]} 14. Be3 {[%clk 00:50:51]} {[%emt 00:07:53]} Qa5
{[%clk 01:01:13]} {[%emt 00:04:27]} 15. Qc2 {[%clk 00:47:18]} {[%emt 00:04:03]}
Rac8 {[%clk 00:57:17]} {[%emt 00:04:26]} 16. Nd2 {[%clk 00:36:25]} {[%emt
00:11:24]} d4 {[%clk 00:51:13]} {[%emt 00:06:34]} 17. Nc4 {[%clk 00:32:24]}
{[%emt 00:04:30]} Qd8 {[%clk 00:51:02]} {[%emt 00:00:42]} 18. Bd2 {[%clk
00:30:56]} {[%emt 00:01:57]} dxc3 {[%clk 00:47:57]} {[%emt 00:03:35]} 19. bxc3
{[%clk 00:31:13]} {[%emt 00:00:13]} bxc3 {[%clk 00:48:10]} {[%emt 00:00:18]}
20. Bxc3 {[%clk 00:30:20]} {[%emt 00:01:22]} Nb4 {[%clk 00:47:11]} {[%emt
00:01:29]} 21. Qb2 {[%clk 00:19:25]} {[%emt 00:11:26]} Bxc3 {[%clk 00:45:07]}
{[%emt 00:02:30]} 22. Nxc3 {[%clk 00:19:42]} {[%emt 00:00:17]} Qxd3 {[%clk
00:40:45]} {[%emt 00:04:51]} 23. Rfd1 {[%clk 00:18:39]} {[%emt 00:01:33]} Qxc4
{[%clk 00:40:24]} {[%emt 00:00:53]} 24. Bf1 {[%clk 00:17:17]} {[%emt 00:01:51]}
Nd3 {[%clk 00:38:16]} {[%emt 00:02:39]} 25. Qxb7 {[%clk 00:14:40]} {[%emt
00:03:06]} Qd4+ {[%clk 00:36:41]} {[%emt 00:02:04]} 26. Kg2 {[%clk 00:14:56]}
{[%emt 00:00:15]} Qxc3 {[%clk 00:36:42]} {[%emt 00:00:29]} 27. Bxd3 {[%clk
00:14:11]} {[%emt 00:01:14]} Nc6 {[%clk 00:32:18]} {[%emt 00:04:54]} 28. Qxa6
{[%clk 00:11:34]} {[%emt 00:03:08]} Nb4 {[%clk 00:27:38]} {[%emt 00:05:09]} 29.
Qc4 {[%clk 00:11:48]} {[%emt 00:00:15]} Qb2+ {[%clk 00:27:37]} {[%emt
00:00:32]} 30. Kg1 {[%clk 00:10:11]} {[%emt 00:02:08]} Rfd8 {[%clk 00:25:43]}
{[%emt 00:02:23]} 31. Be2 {[%clk 00:07:59]} {[%emt 00:02:43]} Rd4 {[%clk
00:24:27]} {[%emt 00:01:44]} 32. Rab1 {[%clk 00:06:51]} {[%emt 00:01:40]} Rxc4
{[%clk 00:23:18]} {[%emt 00:01:39]} 33. Rxb2 {[%clk 00:07:15]} {[%emt
00:00:05]} Rxe4 {[%clk 00:20:11]} {[%emt 00:03:38]} 34. a5 {[%clk 00:06:38]}
{[%emt 00:01:07]} c4 {[%clk 00:15:28]} {[%emt 00:05:13]} 35. Bf3 {[%clk
00:03:16]} {[%emt 00:03:51]} c3 {[%clk 00:15:57]} 36. Bxe4 {[%emt 00:00:14]}
cxb2 {[%clk 00:16:15]} {[%emt 00:00:07]} 37. Rb1 {[%clk 00:03:31]} {[%emt
00:00:37]} Rc4 {[%clk 00:16:20]} {[%emt 00:00:25]} 38. a6 {[%clk 00:02:58]}
{[%emt 00:01:03]} Nxa6 {[%clk 00:15:48]} {[%emt 00:01:01]} 39. Bd3 {[%clk
00:03:26]} {[%emt 00:00:02]} Rc1+ {[%clk 00:15:27]} {[%emt 00:00:51]} 40. Kf2
{[%clk 00:03:50]} {[%emt 00:00:06]} Nb4 {[%clk 00:15:27]} {[%emt 00:00:30]} 41.
Be4 {[%clk 00:03:37]} {[%emt 00:00:44]} Rxb1 {[%clk 00:15:40]} {[%emt
00:00:17]} 42. Bxb1 {[%clk 00:04:02]} {[%emt 00:00:05]} Nd5 {[%clk 00:16:02]}
{[%emt 00:00:07]} 0-1

[Event "DVM U20 2021"]
[Site "Kiel GER"]
[Date "2022.07.25"]
[Round "6"]
[White "Buchholz, Maja"]
[Black "Peschel, Julia"]
[Result "1-0"]
[Termination "normal"]
[Board "7.3"]
[WhiteElo "1879"]
[BlackElo "1545"]
[WhiteClock "00:51:27"]
[BlackClock "00:02:39"]
[WhiteTeam "SK Langen"]
[BlackTeam "Biebertaler Schachfreunde"]
[PlyCount "65"]
[WhiteFideId "16200500"]
[BlackFideId "16255593"]
[EventCountry "GER"]
[EventRounds "7"]
[EventType "team-swiss"]
[EventDate "2022.07.22"]

1. c4 {[%clk 01:30:58]} e6 {[%clk 01:30:51]} {[%emt 00:00:10]} 2. g3 {[%clk
01:31:23]} {[%emt 00:00:06]} d5 {[%clk 01:31:15]} {[%emt 00:00:05]} 3. Bg2
{[%clk 01:31:48]} {[%emt 00:00:04]} Nf6 {[%clk 01:31:40]} {[%emt 00:00:07]} 4.
Nf3 {[%clk 01:32:12]} {[%emt 00:00:05]} Be7 {[%clk 01:31:40]} {[%emt 00:00:30]}
5. O-O {[%clk 01:32:29]} {[%emt 00:00:13]} O-O {[%clk 01:31:52]} {[%emt
00:00:18]} 6. b3 {[%clk 01:32:32]} {[%emt 00:00:27]} b6 {[%clk 01:31:49]}
{[%emt 00:00:33]} 7. Bb2 {[%clk 01:32:37]} {[%emt 00:00:25]} Bb7 {[%clk
01:31:43]} {[%emt 00:00:36]} 8. Qc2 {[%clk 01:26:29]} {[%emt 00:06:38]} Nbd7
{[%clk 01:26:48]} {[%emt 00:05:25]} 9. d4 {[%clk 01:26:09]} {[%emt 00:00:50]}
c5 {[%clk 01:24:49]} {[%emt 00:02:29]} 10. cxd5 {[%clk 01:24:25]} {[%emt
00:02:14]} Bxd5 {[%clk 01:21:34]} {[%emt 00:03:45]} 11. Nbd2 {[%clk 01:19:29]}
{[%emt 00:05:26]} Rc8 {[%clk 01:17:31]} {[%emt 00:04:34]} 12. dxc5 {[%clk
01:18:42]} {[%emt 00:01:16]} Bxc5 {[%clk 01:16:58]} {[%emt 00:01:02]} 13. Qd3
{[%clk 01:17:49]} {[%emt 00:01:23]} h6 {[%clk 01:14:05]} {[%emt 00:03:24]} 14.
Rad1 {[%clk 01:14:59]} {[%emt 00:03:19]} Qc7 {[%clk 01:11:09]} {[%emt
00:03:27]} 15. e4 {[%clk 01:12:14]} {[%emt 00:03:14]} Bc6 {[%clk 01:09:35]}
{[%emt 00:02:04]} 16. e5 {[%clk 01:10:10]} {[%emt 00:02:35]} Ng4 {[%clk
01:03:28]} {[%emt 00:06:37]} 17. Qe2 {[%clk 01:09:33]} {[%emt 00:01:06]} Bb4
{[%clk 00:49:22]} {[%emt 00:14:36]} 18. h3 {[%clk 01:05:43]} {[%emt 00:04:20]}
Bxd2 {[%clk 00:47:43]} {[%emt 00:02:10]} 19. hxg4 {[%clk 01:05:44]} {[%emt
00:00:29]} Bb4 {[%clk 00:43:12]} {[%emt 00:05:01]} 20. g5 {[%clk 01:05:02]}
{[%emt 00:01:12]} Bxf3 {[%clk 00:40:40]} {[%emt 00:03:02]} 21. Bxf3 {[%clk
01:05:16]} {[%emt 00:00:15]} hxg5 {[%clk 00:40:00]} {[%emt 00:01:10]} 22. Be4
{[%clk 00:58:47]} {[%emt 00:06:59]} g6 {[%clk 00:18:23]} {[%emt 00:22:08]} 23.
Bb1 {[%clk 00:57:27]} {[%emt 00:01:50]} Kg7 {[%clk 00:17:47]} {[%emt 00:01:06]}
24. Qb5 {[%clk 00:56:15]} {[%emt 00:01:41]} Nc5 {[%clk 00:07:56]} {[%emt
00:10:22]} 25. Qxb4 {[%clk 00:56:26]} {[%emt 00:00:19]} Qb7 {[%clk 00:08:11]}
{[%emt 00:00:15]} 26. Qg4 {[%clk 00:55:14]} {[%emt 00:01:42]} Rh8 {[%clk
00:07:56]} {[%emt 00:00:45]} 27. f3 {[%clk 00:55:25]} {[%emt 00:00:19]} Rh5
{[%clk 00:07:44]} {[%emt 00:00:42]} 28. Bc1 {[%clk 00:52:53]} {[%emt 00:03:02]}
Rch8 {[%clk 00:03:03]} {[%emt 00:05:11]} 29. Bxg5 {[%clk 00:52:04]} {[%emt
00:01:19]} Rh1+ {[%clk 00:03:03]} {[%emt 00:00:29]} 30. Kf2 {[%clk 00:52:27]}
{[%emt 00:00:07]} R1h2+ {[%clk 00:03:12]} {[%emt 00:00:22]} 31. Ke3 {[%clk
00:51:56]} {[%emt 00:01:01]} R8h5 {[%clk 00:02:48]} {[%emt 00:00:54]} 32. Bf6+
{[%clk 00:51:59]} {[%emt 00:00:27]} Kh7 {[%clk 00:02:39]} {[%emt 00:00:38]} 33.
Rd8 {[%clk 00:51:27]} {[%emt 00:01:02]} 1-0